Фильтрация стохастических сигналов по совокупности непрерывных и дискретных наблюдений с памятью при наличии аномальных помех; Автометрия; № 3

Détails bibliographiques
Parent link:Автометрия: научный журнал/ Российская академия наук (РАН), Сибирское отделение (СО), Институт автоматики и электрометрии (ИАиЭ).— , 1965-.— 0320-7102
№ 3.— 1999.— С. 23-35
Auteur principal: Демин Н. С. Николай Серапионович
Collectivité auteur: Национальный исследовательский Томский политехнический университет (ТПУ) Физико-технический институт (ФТИ) Кафедра высшей математики (ВМ)
Autres auteurs: Рожкова С. В. Светлана Владимировна
Résumé:Осуществлен синтез оптимального в среднеквадратическом смысле несмещенного фильтра для многомерных стохастических сигналов с непрерывным временем в случае совместной его передачи по непрерывно-дискретным во времени каналам, когда в дискретном канале, кроме регулярной, действует аномальная помеха, и установлены некоторые его свойства.
Langue:russe
Publié: 1999
Sujets:
Format: MixedMaterials Chapitre de livre
KOHA link:https://koha.lib.tpu.ru/cgi-bin/koha/opac-detail.pl?biblionumber=543881

MARC

LEADER 00000naa2a2200000 4500
001 543881
005 20231226104702.0
035 |a (RuTPU)RU\TPU\prd\235504 
090 |a 543881 
100 |a 20150429a1999 k y0rusy50 ca 
101 0 |a rus 
102 |a RU 
200 1 |a Фильтрация стохастических сигналов по совокупности непрерывных и дискретных наблюдений с памятью при наличии аномальных помех  |f Н. С. Демин, С. В. Рожкова 
320 |a Библиогр.: с. 35 (12 назв.) 
330 |a Осуществлен синтез оптимального в среднеквадратическом смысле несмещенного фильтра для многомерных стохастических сигналов с непрерывным временем в случае совместной его передачи по непрерывно-дискретным во времени каналам, когда в дискретном канале, кроме регулярной, действует аномальная помеха, и установлены некоторые его свойства. 
461 0 |0 (RuTPU)RU\TPU\prd\11  |x 0320-7102  |t Автометрия  |o научный журнал  |f Российская академия наук (РАН), Сибирское отделение (СО), Институт автоматики и электрометрии (ИАиЭ)  |d 1965- 
463 0 |0 (RuTPU)RU\TPU\prd\135501  |t № 3  |v С. 23-35  |d 1999 
610 1 |a труды учёных ТПУ 
700 1 |a Демин  |b Н. С.  |g Николай Серапионович 
701 1 |a Рожкова  |b С. В.  |c математик  |c профессор Томского политехнического университета, доктор физико-математических наук  |f 1971-  |g Светлана Владимировна  |3 (RuTPU)RU\TPU\pers\25740  |9 11642 
712 0 2 |a Национальный исследовательский Томский политехнический университет (ТПУ)  |b Физико-технический институт (ФТИ)  |b Кафедра высшей математики (ВМ)  |3 (RuTPU)RU\TPU\col\18728 
801 1 |a RU  |b 63413507  |c 20150429 
942 |c BK